Dictionnaire des régicides (Record no. 133742)
[ view plain ]
| 000 -LEADER | |
|---|---|
| campo de control de longitud fija | 00686nam a2200217 i 4500 |
| 001 - NÚMERO DE CONTROL | |
| campo de control | 133742 |
| 003 - IDENTIFICADOR DE NÚMERO DE CONTROL | |
| campo de control | ES-MaACL |
| 005 - FECHA Y HORA DE LA ÚLTIMA TRANSACCIÓN | |
| campo de control | 20250703062106.0 |
| 007 - CAMPO FIJO DE DESCRIPCIÓN FÍSICA--INFORMACIÓN GENERAL | |
| campo de control de longitud fija | t| |
| 008 - DATOS DE LONGITUD FIJA--INFORMACIÓN GENERAL | |
| campo de control de longitud fija | 070828s1989 fr ||||1| fre d |
| 020 ## - NÚMERO INTERNACIONAL ESTÁNDAR DEL LIBRO | |
| Número Internacional Estándar del Libro | 2-262-00594-X |
| 080 ## - NÚMERO DE LA CLASIFICACIÓN DECIMAL UNIVERSAL | |
| Número de la Clasificación Decimal Universal | 929 Luis XVI (rey de Francia: 1754-1793) |
| 100 1# - ENTRADA PRINCIPAL--NOMBRE DE PERSONA | |
| Nombre de persona | Giboury, Jacques-Philippe. |
| 9 (RLIN) | 56658 |
| 245 10 - MENCIÓN DEL TÍTULO | |
| Título | Dictionnaire des régicides |
| Resto del título | : 1793 / |
| Mención de responsabilidad, etc. | Jacques-Philippe Giboury. |
| 260 ## - PUBLICACIÓN, DISTRIBUCIÓN, ETC. | |
| Lugar de publicación, distribución, etc. | Paris : |
| Nombre del editor, distribuidor, etc. | Perrin, |
| Fecha de publicación, distribución, etc. | [1989] |
| 300 ## - DESCRIPCIÓN FÍSICA | |
| Extensión | 442 p. ; |
| Dimensiones | 20 cm. |
| 500 ## - NOTA GENERAL | |
| Nota general | Biblioteca Jacinto Martínez Lacalle. |
| 600 07 - PUNTO DE ACCESO ADICIONAL DE MATERIA--NOMBRE DE PERSONA | |
| Nombre de persona | Luis |
| Numeración | XVI, |
| Títulos y otros términos asociados al nombre | Rey de Francia |
| Fuente del encabezamiento o término | |
| 9 (RLIN) | 152778 |
| 852 ## - LOCALIZACIÓN | |
| Ubicación | ES-MaACL |
| Número de control de estantería | E-12046 |
| Sublocalización o colección | R.139949 |
| Estatus retirado | Estado de pérdida | Estado de daño | No para préstamo | Biblioteca de origen | Biblioteca actual | Ubicación en estantería | Fecha de adquisición | Fuente de adquisición | Total de préstamos | Signatura topográfica completa | Código de barras | Visto por última vez | Precio de reemplazo | Tipo de ítem Koha |
|---|---|---|---|---|---|---|---|---|---|---|---|---|---|---|
| Biblioteca del Ateneo de Madrid | Biblioteca del Ateneo de Madrid | Depósito 2 | 17/01/2008 | E-12046 | 1139224 | 23/02/2023 | 23/02/2023 | Libro impreso |
